000 00710nam a22002177a 4500
999 _c6289
_d6289
003 AR-CdUCM
008 190314b ||||| |||| 00| 0 spa d
040 _aMUNICIPALIDAD PROVINCIAL DEL CUSCO
_cBIBLIOTECA MUNICIPAL DEL CUSCO
082 _a869.24 /
_bM22
100 _aMansilla, Lucio V
_97627
245 _aLos siete platos de arroz con leche /
260 _aArgentina :
_bAbril,
300 _a155 paginas ;
_c19 cm,
440 _aColección clásicos de la literatura argentina
_n8
_918050
505 _aContenido :Los siete platos de arroz con leche.
650 _aLiteratura argentina
_984
650 _aCuentos clásicos
_98259
650 _aHistorietas
_910786
942 _2ddc
_cLIBROS
945 _arum